Loading...
| Science - Physics | 0 | 7 | 0 | 1 | 70 | 50 | 93.14 | 3 | 5 | 0.00 | 0.00 |
| Philosophy | 0 | 4 | 0 | 3 | 40 | 83 | 111.00 | 0 | 3 | 0.00 | 0.00 |
| Science - Biology | 0 | 4 | 1 | 1 | 35 | 59 | 102.75 | 1 | 3 | 0.00 | 0.00 |
| Science - Other | 0 | 4 | 2 | 1 | 30 | 68 | 90.50 | 1 | 4 | 0.00 | 0.00 |
| Science - Chemistry | 0 | 4 | 2 | 3 | 30 | 85 | 110.00 | 0 | 2 | 0.00 | 0.00 |
| History - American | 0 | 2 | 0 | 0 | 20 | 115 | 116.50 | 0 | 1 | 0.00 | 0.00 |
| Religion | 0 | 1 | 0 | 1 | 10 | 144 | 144.00 | 0 | 1 | 0.00 | 0.00 |
| Pop Culture | 0 | 1 | 0 | 0 | 10 | 75 | 75.00 | 0 | 0 | 0.00 | 0.00 |
| History - European | 0 | 1 | 0 | 0 | 10 | 61 | 61.00 | 0 | 1 | 0.00 | 0.00 |
| Social Science | 0 | 1 | 0 | 0 | 10 | 115 | 115.00 | 0 | 0 | 0.00 | 0.00 |